Handbook of chemical engineering calculations /

Physical and chemical properties; Stoichiometry; Phase equilibrium; Chemical-reaction equilibrium; Reaction kinetics and reactor design; Flow of fluids and solids; Heat transfer; Distillation; Extraction and leaching; Crystallization; Absorption and stripping; Liquid agitation; Size reduction; Filtr...

ver descrição completa

Na minha lista:
Detalhes bibliográficos
Outros Autores: Chopey, Nicholas P. (Editor)
Formato: Livro
Idioma:English
Publicado em: New York : McGraw-Hill, 1994.
Edição:2nd ed.
Assuntos:
Tags: Adicionar Tag
Sem tags, seja o primeiro a adicionar uma tag!
Thư viện lưu trữ: Mạng thư viện Đại học Đà Nẵng
LEADER 01587cam a2200385 a 4500
001 000046414
003 5881
005 20060714091608.0
008 010220b1994 vm 000 eng
020 |a 0070110212 
020 |a 0071138889 
040 |a LIRC  |c LIRC  |d LIRC 
041 0 |a eng 
082 1 4 |a 660.212  |b Ha-C 
245 0 0 |a Handbook of chemical engineering calculations /  |c Nicolas P. Chopey, editor. 
250 |a 2nd ed. 
260 |a New York :  |b McGraw-Hill,  |c 1994. 
300 |a 1v. (various pagings) :  |b ill. ;  |c 24 cm. 
500 |a Includes index. 
520 3 |a Physical and chemical properties; Stoichiometry; Phase equilibrium; Chemical-reaction equilibrium; Reaction kinetics and reactor design; Flow of fluids and solids; Heat transfer; Distillation; Extraction and leaching; Crystallization; Absorption and stripping; Liquid agitation; Size reduction; Filtration; Air-pollution control; Other chemical engineering calculations. 
630 0 4 |a Chemical engineering. 
650 0 4 |a Chemical engineering  |x Mathematics. 
700 1 |a Chopey, Nicholas P.,  |e editor. 
OWN |a DUT 
AVA |a UDN50  |b DUT  |c Book  |d 660.212 Ha-C  |e available  |t Error 5001 Not defined in file expand_doc_bib_avail.  |f 1  |g 0  |h N  |i 0  |j SH  |k 1 
999 |a From the UDN01 
AVA |a UDN50  |b DUT  |c Book  |d 660.212 Ha-C  |e available  |t Error 5001 Not defined in file expand_doc_bib_avail.  |f 1  |g 0  |h N  |i 0  |j SH  |k 1 
TYP |a Monograph 
TYP |a Printed language 
980 |a Mạng thư viện Đại học Đà Nẵng